1540 1998 1392 1561 1905 1222 1233 1268 1641 1369 1934 1169 1747 1305 1332 1961 1209 1934 1118 1035 1363 1628 1643 1357 1133 1521 1160 1924 1461 1651 1008 1666 1570 1819 1094 1711 1112 1054 1234 1038 1137 1434 1249 1204 1587 1505 1466 1812 1771 1724 1485 1322 1773 1352 1787 1374 1951 1222 1165 1911 1281 1347 1587 1783 1790 1221 1941 1872 1920 1721 1616 1631 1904 1766 1279 1822 1092 1306 1327 1036 1595 1391 1802 1250 1486 1427 1067 1668 1911 1039 1111 1750 1029 1884 1145 1473 1177 1277 1126 BCNSPRNW ULIB Ver.6.0+V

เปลี่ยนเป็นภาษาไทย

Change to English
 แสดงรายละเอียดบรรณานุกรม
  กลับหน้าหลัก

Brief Record : Get Marc (ISO 2709) : E-mail record : QR code < ปิดหน้าต่าง
LEADER : 00000nam 2200000uu 4500
001    13399122213
003     ULIB
008    130114s2544||||th 000 0 tha d
090    ^aนว^bพ187พ ล.3
098    ^aนว^bพ187พ ล.3
100 0  ^aพนมเทียน
245 10 ^aไพรมหากาฬ เล่ม 3 เพชรพระอุมา /^cพนมเทียน
250    ^aพิมพ์รวมเล่มครั้งที่ 4
260    ^aกรุงเทพฯ :^bณ บ้านวรรณกรรม,^c2544
505 00 ^a ^gล.1-4^tไพรมหากาฬ --^gล.5-8^tดงมรณะ -- ^gล.9-12^tจอมผีดิบมันตรัย -- ^gล.13-16^tอาถรรพณ์นิทรานคร -- ^gล.17-20^tป่าโลกล้านปี -- ^gล.21-24^tแงซายจอมจักรา -- ^gล.25-28^tจอมพราน -- ^gล.29-32^tไอ้งาดำ -- ^gล.33-36^tจิตรางคนางค์-- ^gล.37-40^tนาคเทวี -- ^gล.41-44^tแด่ปางบรรพ์ -- ^g ล.45-48^tมงกุฎไพร
650  4 ^aนวนิยายไทย
945    ^p200^l0^i033400
995    ^aกษร
999    ^aใช้งานได้ทุกระบบ
รายการนี้ยังไม่มีแท็ก
คุณยังไม่ได้ล็อกอิน คุณสามารถมีกิจกรรมร่วมกับเว็บไซต์ได้ แต่ต้องล็อกอินก่อน ::
  ล็อกอิน

รายการสื่อสารสนเทศ

ลำดับที่ ประเภท เลขเรียก/บาร์โค้ด สถานที่ สถานะ
1. นวนิยาย
นวนิยาย
นว พ187พ ล.3  
  Barcode: 033400
ห้องสมุดวิทยาเขตสวรรค์ประชารักษ์
►นวนิยาย
บนชั้น
  ขอยืม

รายการใกล้เคียง
    ผู้แต่ง [พนมเทียน]

    หัวเรื่อง [นวนิยายไทย]

BibComment


ยังไม่เคยถูกคอมเมนท์

คอมเมนท์ทรัพยากรรายการนี้
  คอมเมนท์: ไพรมหากาฬ เล่ม 3..


 Copyright 2026. Bcnsprnw @Library